000 00522nam a2200193Ia 4500
008 160319s9999 xx 000 0 und d
020 _a9789712724169 
050 _a899.2103
050 _bJ62c 2010
100 _aJoaquin, Nick
245 _aCandido's apocalypse /
245 _cby Nick Joaquin.
260 _aManila :
260 _bAnvil Pub. Inc.
260 _c2010
300 _a83 pages ;
300 _c19 cm.
500 _aNovella. "First published in 1972 as part of Tropical gothic"--Title page verso.
999 _c292210
_d292210